[Event "EIWCC"]
[Site "Chisinau, Moldova"]
[Date "2005.06.18"]
[Round "8.7"]
[White "Radziewicz, Iweta"]
[Black "Vasilevich, Tatjana"]
[Result "0-1"]
[WhiteElo "2457"]
[BlackElo "2395"]
[PlyCount "130"]
[EventDate "2005.06.11"]

1. c4 e6 2. Nc3 d5 3. d4 Bb4 4. e3 Nf6 5. Bd3 O-O 6. Nge2 c5 7. O-O cxd4 8.
exd4 dxc4 9. Bxc4 Nbd7 10. Bg5 Be7 11. Bb3 Nb6 12. Qd3 Bd7 13. Rfe1 Nfd5 14.
Nxd5 Nxd5 15. Bxe7 Nxe7 16. Nf4 Qc7 17. Nh5 Rac8 18. Rad1 Rfe8 19. Re3 Ng6 20.
Qd2 Qd6 21. Rg3 e5 22. d5 f5 23. f4 e4 24. Qd4 Qc5 25. Qxc5 Rxc5 26. Kf2 a5 27.
d6+ Kf8 28. Rd5 Rec8 29. Rxc5 Rxc5 30. Rc3 Rxc3 31. bxc3 Nh8 32. g4 fxg4 33.
Bd5 Nf7 34. Bxe4 Nxd6 35. Bxh7 Be6 36. a3 Nb5 37. Ke3 Nxa3 38. Bd3 Nc4+ 39. Kd4
Nb2 40. Bb1 a4 41. f5 Bc4 42. f6 g5 43. Ng3 a3 44. Ne4 a2 45. Bxa2 Bxa2 46.
Nxg5 Nc4 47. Ne4 Nb6 48. Nd6 Nd7 49. Nxb7 Kf7 50. Ke4 Nxf6+ 51. Kf4 Kg6 52. Nc5
Bc4 53. Nb7 Be2 54. Nd6 Kh5 55. c4 Kh4 56. c5 Kh3 57. c6 Kxh2 58. Nf5 Ne8 59.
Ke3 Bb5 60. Nd4 g3 61. Nf3+ Kh1 62. Nh4 Bxc6 63. Nf5 g2 64. Ng3+ Kh2 65. Ne2
Bb5 0-1

[Event "EIWCC"]
[Site "Chisinau, Moldova"]
[Date "2005.06.18"]
[Round "8.63"]
[White "Makropoulou, Marina"]
[Black "Babei, Angelica"]
[Result "1-0"]
[WhiteElo "2285"]
[BlackElo "1843"]
[PlyCount "49"]
[EventDate "2005.06.11"]

1. e4 c6 2. d4 d5 3. Nc3 dxe4 4. Nxe4 Bf5 5. Ng3 Bg6 6. Bc4 e6 7. N1e2 Nf6 8.
h4 h6 9. Nf4 e5 10. Nxg6 fxg6 11. dxe5 Qa5+ 12. c3 Qxe5+ 13. Qe2 Nbd7 14. Bf4
Qxe2+ 15. Nxe2 O-O-O 16. O-O Ne4 17. Rad1 Be7 18. Nd4 Bxh4 19. Nxc6 Rdf8 20.
Nxa7+ Kd8 21. g3 Be7 22. Rfe1 Nef6 23. Nb5 g5 24. Bc7+ Kc8 25. Rxe7 1-0